000 00479nam a2200181Ia 4500
003 GCL
008 140319s9999 xx 000 0 eng d
040 _aGCL /
_cGCL
082 0 4 _a576.165
_bV F
100 1 _aEVANS, M.G.
245 1 0 _aFOOD BORNE PATHOGENS: AN ILLUSTRATED TEXT /
_cEVANS, M.G.
700 1 _aVARNAM, A.H.
260 _a[S.N] :
_bWOLFE PUBLISHING LTD ،
_c1991
300 _a557
650 0 4 _aFOOD POISONING
650 0 4 _aFOOD BONE DISEASES
942 _2ddc
_cBK
999 _c14751
_d14751